| 000 | 01321nam a2200325 i 4500 | ||
|---|---|---|---|
| 001 | 44358 | ||
| 003 | ES-MaACL | ||
| 005 | 20250927063034.0 | ||
| 007 | t| | ||
| 008 | 030321s1986 sp ||||1| spa d | ||
| 100 | 1 |
_aCiges Aparicio, M., _d1873-1936 _938817 |
|
| 245 | 1 | 0 |
_aNovelas / _cM. Ciges Aparicio ; [edición, introducción y notas de Cecilio Alonso]. |
| 260 |
_aValencia : _bConsellería de Cultura, Educació i Ciència de la Generalitat : _bDiputación ; _aAlacant ; _aCastelló : _bDiputacions, _c1986. |
||
| 300 |
_a3 v. ; _c23 cm. |
||
| 504 | _aBibliografía. | ||
| 505 | 8 | _aContiene: V.I.: El vicario ; La venganza ; La romería. -- V. II.: Villavieja ; el juez que perdió la conciencia. -- V.III.: Circe y el poeta ; la honra del pueblo ; El príncipe de Trapisonda ; Prosperidad y ruina de un nuevo rico ; Los caimanes | |
| 700 | 1 |
_aAlonso, Cecilio. _920194 |
|
| 740 | 3 | _aEl vicario. | |
| 740 | 3 | _aLa venganza. | |
| 740 | 3 | _aLa romería. | |
| 740 | 0 | _aVillavieja. | |
| 740 | 3 | _aEl juez que perdió la conciencia. | |
| 740 | 0 | _aCirce y el poeta. | |
| 740 | 3 | _aLa honra del pueblo. | |
| 740 | 3 | _aEl principe de Trapisonda. | |
| 740 | 0 | _aProsperidad y ruina de un nuevo rico. | |
| 740 | 4 | _aLos caimanes. | |
| 852 |
_aES-MaACL _jG-381-3 _bR.115060 |
||
| 999 |
_c44358 _d44358 |
||